[Event "ZL-2012-0-01063"]
[Site "LSS email"]
[Date "2012.01.11"]
[Round "?"]
[White "Brumec, Fredi"]
[Black "Harney, Thomas"]
[Result "0-1"]
[WhiteElo "1147"]
[BlackElo "1539"]
[PlyCount "54"]
[EventDate "2012.01.08"]
[EventType "match (corr)"]
[EventRounds "2"]
[EventCountry "GER"]
[SourceTitle "Telechess CBM 157"]
[Source "ChessBase"]
[SourceDate "2013.11.12"]
[SourceVersion "1"]
[SourceVersionDate "2013.11.12"]
[SourceQuality "1"]

1. e4 c5 2. Nc3 d6 3. a3 Nc6 4. Bc4 a6 5. d3 e6 6. Nf3 b5 7. Ba2 Nf6 8. Bg5 h6 9. Bh4 Bb7 10. 0-0 g5 11. Bg3 Nh5 12. h3 Nxg3 13. fxg3 Bg7 14. Nh2 h5 15. g4 hxg4 16. Nxg4 Ne5 17. Rb1 Nxg4 18. Qxg4 Rh4 19. Qf3 Bd4+ 20. Kh1 Qe7 21. Ne2 g4 22. Qg3 Be5 23. Nf4 gxh3 24. gxh3 Kd7 25. Qe3 Rah8 26. Bxe6+ fxe6 27. Ng6 Rxh3+ 0-1

[Event "LSS RF-2011-0-00102"]
[Site "LSS email"]
[Date "2012.01.11"]
[Round "?"]
[White "Brumec, Fredi"]
[Black "Torfs, Gert"]
[Result "1-0"]
[WhiteElo "1148"]
[BlackElo "965"]
[PlyCount "91"]
[EventDate "2011.12.08"]
[EventType "tourn (corr)"]
[EventRounds "6"]
[EventCountry "GER"]
[SourceTitle "Telechess CBM 157"]
[Source "ChessBase"]
[SourceDate "2013.11.12"]
[SourceVersion "1"]
[SourceVersionDate "2013.11.12"]
[SourceQuality "1"]

1. e4 e5 2. Nf3 Nc6 3. Nc3 Bb4 4. a3 Bxc3 5. dxc3 Nf6 6. Bg5 h6 7. Bh4 g5 8. Bg3 Nxe4 9. Bxe5 Nxe5 10. Nxe5 Qe7 11. Qd4 d6 12. Qxe4 Qxe5 13. Qxe5+ dxe5 14. Bd3 f5 15. f3 Bd7 16. 0-0 0-0-0 17. h3 Rde8 18. Rfe1 Bc6 19. b4 e4 20. fxe4 fxe4 21. Bc4 Rd8 22. Bb3 Rhe8 23. c4 Rd2 24. Re3 Rf8 25. Rf1 Rxf1+ 26. Kxf1 Kd7 27. b5 Bxb5 28. cxb5 Rd4 29. c3 Rd3 30. Rxd3+ exd3 31. Ke1 Kd6 32. Kd2 Kc5 33. a4 c6 34. bxc6 Kxc6 35. Kxd3 Kd6 36. g4 Ke5 37. c4 b6 38. Kc3 Kd6 39. Kb4 Kc6 40. a5 Kc7 41. a6 Kd6 42. Kb5 Kc7 43. c5 bxc5 44. Kxc5 Kd7 45. Kd5 Kc7 46. Ke6 1-0

[Event "LSS RF-2011-0-00102"]
[Site "LSS email"]
[Date "2012.01.11"]
[Round "?"]
[White "Guaimare Rodriguez, Carlos Luis"]
[Black "Brumec, Fredi"]
[Result "1-0"]
[WhiteElo "1134"]
[BlackElo "1148"]
[PlyCount "117"]
[EventDate "2011.12.08"]
[EventType "tourn (corr)"]
[EventRounds "6"]
[EventCountry "GER"]
[SourceTitle "Telechess CBM 157"]
[Source "ChessBase"]
[SourceDate "2013.11.12"]
[SourceVersion "1"]
[SourceVersionDate "2013.11.12"]
[SourceQuality "1"]

1. Nf3 Nf6 2. g3 d6 3. Bg2 c6 4. 0-0 e5 5. d3 h6 6. c4 Be7 7. Nc3 0-0 8. b4 Bg4 9. b5 a6 10. bxc6 Nxc6 11. Rb1 Rb8 12. Be3 Nh7 13. Nd5 f5 14. Bb6 Qc8 15. Bc7 Ra8 16. Nxe7+ Nxe7 17. Bxd6 Qe6 18. Bxe7 Qxe7 19. Qb3 Rab8 20. e3 Bxf3 21. Bxf3 e4 22. dxe4 fxe4 23. Bg2 Kh8 24. Qc2 Nf6 25. Rfd1 b5 26. cxb5 Rxb5 27. Rxb5 axb5 28. Qb1 b4 29. Rd4 Rb8 30. Bxe4 Nxe4 31. Rxe4 Qc5 32. Rd4 Qc3 33. Qb3 Qc5 34. a3 Qc1+ 35. Kg2 Qxa3 36. Qxa3 bxa3 37. Ra4 Rb3 38. h4 h5 39. Ra5 g6 40. Ra7 Kg8 41. Kf3 Kf8 42. Kf4 Rb2 43. f3 a2 44. e4 Rf2 45. e5 Re2 46. Kg5 Rxe5+ 47. Kxg6 Re3 48. Kxh5 Rxf3 49. g4 Rf2 50. Kg6 Rb2 51. g5 Rb6+ 52. Kh5 Rb2 53. Kh6 Re2 54. h5 Re6+ 55. g6 Ke8 56. Rxa2 Ke7 57. Rf2 Ke8 58. Kh7 Re7+ 59. g7 1-0

[Event "ZL-2011-0-01046"]
[Site "LSS email"]
[Date "2011.12.23"]
[Round "?"]
[White "Brumec, Fredi"]
[Black "Lewis, Jerome A"]
[Result "1-0"]
[WhiteElo "1147"]
[BlackElo "1128"]
[PlyCount "59"]
[EventDate "2011.12.18"]
[EventType "match (corr)"]
[EventRounds "2"]
[EventCountry "GER"]
[SourceTitle "Telechess CBM 157"]
[Source "ChessBase"]
[SourceDate "2013.11.12"]
[SourceVersion "1"]
[SourceVersionDate "2013.11.12"]
[SourceQuality "1"]

1. e4 Nf6 2. Nc3 e5 3. a3 Nc6 4. Bc4 d6 5. d3 Nd4 6. h3 Bd7 7. Nf3 Be7 8. Bg5 h6 9. Bh4 Ne6 10. Bxf6 Bxf6 11. 0-0 c6 12. Nh2 0-0 13. Ne2 b5 14. Ba2 a5 15. c3 Qb6 16. Kh1 b4 17. Ng4 Bg5 18. Nh2 Nc5 19. f4 exf4 20. Nxf4 b3 21. Bb1 Na4 22. Qe2 c5 23. Nd5 Qb7 24. Nf3 Bd8 25. d4 f5 26. Bd3 fxe4 27. Qxe4 Rb8 28. Qh7+ Kf7 29. Nh4+ Ke6 30. Rxf8 1-0

[Event "SF-2011-0-00120"]
[Site "LSS email"]
[Date "2011.11.25"]
[Round "?"]
[White "Zwaneveld, Ansel"]
[Black "Brumec, Fredi"]
[Result "1-0"]
[WhiteElo "1088"]
[BlackElo "1147"]
[PlyCount "103"]
[EventDate "2011.10.21"]
[EventType "tourn (corr)"]
[EventRounds "6"]
[EventCountry "GER"]
[SourceTitle "Telechess CBM 157"]
[Source "ChessBase"]
[SourceDate "2013.11.12"]
[SourceVersion "1"]
[SourceVersionDate "2013.11.12"]
[SourceQuality "1"]

1. d4 d6 2. e3 a6 3. b3 Nf6 4. Bb2 d5 5. Bd3 h6 6. Nd2 e6 7. Ngf3 Bd6 8. 0-0 Nbd7 9. Ne5 0-0 10. Rc1 b5 11. Nc6 Qe8 12. f4 Nh7 13. c4 bxc4 14. bxc4 f5 15. c5 Be7 16. Nxe7+ Qxe7 17. Qa4 Nhf6 18. Ba3 Qe8 19. Qa5 c6 20. Rb1 Ne4 21. Nf3 Ndf6 22. Rb6 Ng4 23. Bc1 Rf7 24. h3 Ngf6 25. Ne5 Rc7 26. Re1 Nd7 27. Bxe4 Nxe5 28. fxe5 fxe4 29. Bd2 Qd7 30. Reb1 Bb7 31. Qa4 Rf8 32. Ba5 Qf7 33. Qc2 Bc8 34. Qe2 Rb7 35. Be1 Rxb6 36. cxb6 Bb7 37. Bb4 Re8 38. Rf1 Qg6 39. Qf2 Ra8 40. Kh2 a5 41. Bc5 a4 42. Qh4 Ba6 43. Rf4 Be2 44. Qe7 Ba6 45. Bd6 c5 46. dxc5 d4 47. exd4 e3 48. Rg4 Qf7 49. Qxf7+ Kxf7 50. Re4 e2 51. c6 Bb5 52. b7 1-0

[Event "SF-2011-0-00120"]
[Site "LSS email"]
[Date "2011.11.22"]
[Round "?"]
[White "Brumec, Fredi"]
[Black "Alvar, Juan"]
[Result "1-0"]
[WhiteElo "1147"]
[BlackElo "1104"]
[PlyCount "61"]
[EventDate "2011.10.21"]
[EventType "tourn (corr)"]
[EventRounds "6"]
[EventCountry "GER"]
[SourceTitle "Telechess CBM 157"]
[Source "ChessBase"]
[SourceDate "2013.11.12"]
[SourceVersion "1"]
[SourceVersionDate "2013.11.12"]
[SourceQuality "1"]

1. e4 d6 2. Nc3 g6 3. h3 Bg7 4. Nf3 Nf6 5. d4 0-0 6. Bc4 c6 7. 0-0 b5 8. Bb3 b4 9. e5 bxc3 10. exf6 cxb2 11. Bxb2 Bxf6 12. Nh2 Nd7 13. Ng4 Bg7 14. c3 Ba6 15. Re1 h5 16. Ne3 d5 17. Ba3 Re8 18. f4 Nf6 19. f5 Kh7 20. Bc2 e5 21. dxe5 Rxe5 22. Bc5 Ne4 23. Bd4 Qh4 24. Qf3 Rae8 25. Bxe5 Bxe5 26. fxg6+ fxg6 27. Qf7+ Kh6 28. Bxe4 dxe4 29. Qxe8 Qg3 30. Qf8+ Bg7 31. Qf2 1-0

[Event "FICGS theme 0001 email"]
[Site "FICGS email"]
[Date "2011.11.22"]
[Round "1"]
[White "Brumec, Fredi"]
[Black "Ambos, Ilmar"]
[Result "0-1"]
[WhiteElo "1800"]
[BlackElo "1871"]
[PlyCount "104"]
[EventDate "2011.??.??"]
[EventType "swiss (corr)"]
[EventRounds "1"]
[SourceTitle "Corr 2013"]
[Source "ChessBase"]
[SourceDate "2012.11.12"]
[SourceVersion "1"]
[SourceVersionDate "2012.11.12"]
[SourceQuality "1"]

1. e4 e5 2. d4 exd4 3. Qxd4 Nc6 4. Qd1 Nf6 5. Nc3 Bb4 6. Bd3 0-0 7. Bg5 h6 8. Bh4 Re8 9. Nge2 g5 10. Bg3 Nxe4 11. 0-0 Bxc3 12. bxc3 d6 13. h3 Qf6 14. c4 Bf5 15. f3 Nxg3 16. Nxg3 Bxd3 17. cxd3 Qd4+ 18. Kh1 Ne5 19. Ne4 Nxd3 20. Qd2 f5 21. Ng3 Qe3 22. Qxe3 Rxe3 23. Nxf5 Re6 24. Rad1 Nf4 25. Rfe1 Rae8 26. Rxe6 Rxe6 27. a4 Kh7 28. Nd4 Re5 29. Nb5 Rc5 30. Nxa7 Rxc4 31. Nb5 Rxa4 32. Nxc7 Ra2 33. g3 Ne2 34. g4 Ra3 35. Kg2 Nf4+ 36. Kh2 Rxf3 37. Rxd6 Rxh3+ 38. Kg1 Rg3+ 39. Kf2 Rxg4 40. Ne8 Rg2+ 41. Kf3 Rg1 42. Rd7+ Kg6 43. Rg7+ Kh5 44. Rxb7 Kh4 45. Nd6 Rf1+ 46. Ke3 h5 47. Rb4 Kg4 48. Nf7 h4 49. Nh6+ Kh5 50. Ng8 Nd5+ 51. Ke2 Nxb4 52. Kxf1 Nd5 0-1

[Event "FICGS theme 0001 email"]
[Site "FICGS email"]
[Date "2011.11.22"]
[Round "1"]
[White "Pech, Jaroslav Sr"]
[Black "Brumec, Fredi"]
[Result "0-1"]
[WhiteElo "2000"]
[BlackElo "1800"]
[PlyCount "36"]
[EventDate "2011.??.??"]
[EventType "swiss (corr)"]
[EventRounds "1"]
[SourceTitle "Corr 2013"]
[Source "ChessBase"]
[SourceDate "2012.11.12"]
[SourceVersion "1"]
[SourceVersionDate "2012.11.12"]
[SourceQuality "1"]

1. e4 e5 2. d4 exd4 3. Qxd4 Nc6 4. Qe3 d6 5. Nc3 Nf6 6. Nf3 h6 7. Bc4 Be7 8. 0-0 0-0 9. h3 Nd7 10. Nd5 Nde5 11. Nxe5 Nxe5 12. Be2 Bh4 13. Bd2 c6 14. Nf4 Bg5 15. Rad1 Qe7 16. Qb3 b5 17. Nh5 Bxd2 18. Rxd2 Be6 0-1

[Event "SF-2011-0-00120"]
[Site "LSS email"]
[Date "2011.11.22"]
[Round "?"]
[White "Trevis, Robert R"]
[Black "Brumec, Fredi"]
[Result "1/2-1/2"]
[WhiteElo "1023"]
[BlackElo "1147"]
[PlyCount "105"]
[EventDate "2011.10.21"]
[EventType "tourn (corr)"]
[EventRounds "6"]
[EventCountry "GER"]
[SourceTitle "Telechess CBM 157"]
[Source "ChessBase"]
[SourceDate "2013.11.12"]
[SourceVersion "1"]
[SourceVersionDate "2013.11.12"]
[SourceQuality "1"]

1. e4 d6 2. d4 c6 3. Nc3 h6 4. Nf3 Bg4 5. Bc4 Nd7 6. Bf4 e5 7. dxe5 Bxf3 8. Qxf3 dxe5 9. Be3 Ngf6 10. 0-0 Be7 11. Qg3 Nh5 12. Qg4 Ndf6 13. Qf5 Qc7 14. Rad1 0-0 15. g3 Rfd8 16. f4 Rxd1 17. Rxd1 exf4 18. gxf4 Qc8 19. Qxc8+ Rxc8 20. e5 Ng4 21. Bxa7 Nxf4 22. Bd4 b5 23. Bf1 c5 24. Bf2 b4 25. Nd5 Nxd5 26. Rxd5 Nxf2 27. Kxf2 Rd8 28. Rxd8+ Bxd8 29. a4 Kf8 30. Ke3 Bg5+ 31. Ke4 Ke7 32. a5 Kd7 33. a6 Kc6 34. Bc4 Kb6 35. Bxf7 Kxa6 36. e6 Kb6 37. Kd5 Be7 38. c3 g5 39. Bg6 Kc7 40. cxb4 cxb4 41. b3 Kb6 42. Be8 Kc7 43. Bb5 h5 44. Be8 h4 45. Bh5 Kd8 46. h3 Bf8 47. Bf7 Ke7 48. Ke4 Kd6 49. Kf5 Be7 50. Bh5 Kd5 51. Be2 Kd6 52. Bf3 Kc7 53. Ke5 1/2-1/2

[Event "FICGS no engines 01 email"]
[Site "FICGS email"]
[Date "2011.11.04"]
[Round "1"]
[White "Brumec, Fredi"]
[Black "Garcia, Javier N"]
[Result "1-0"]
[WhiteElo "1800"]
[BlackElo "1700"]
[PlyCount "39"]
[EventDate "2011.??.??"]
[EventType "swiss (corr)"]
[EventRounds "1"]
[SourceTitle "Corr 2013"]
[Source "ChessBase"]
[SourceDate "2012.11.12"]
[SourceVersion "1"]
[SourceVersionDate "2012.11.12"]
[SourceQuality "1"]

1. e4 c5 2. Nc3 Nc6 3. a3 e6 4. Bc4 Be7 5. d3 Ne5 6. Ba2 Nf6 7. h3 0-0 8. f4 Ng6 9. Nf3 b6 10. 0-0 Bb7 11. Nh2 d5 12. Ng4 d4 13. Nxf6+ Bxf6 14. Ne2 Nh4 15. Ng3 Qc7 16. Nh5 Be7 17. Qg4 Ng6 18. f5 exf5 19. exf5 Bc8 20. Bf4 1-0

[Event "FICGS no engines 01 email"]
[Site "FICGS email"]
[Date "2011.11.04"]
[Round "1"]
[White "Brumec, Fredi"]
[Black "Roe, Philip Lawrence"]
[Result "0-1"]
[WhiteElo "1800"]
[BlackElo "1667"]
[PlyCount "100"]
[EventDate "2011.??.??"]
[EventType "swiss (corr)"]
[EventRounds "1"]
[SourceTitle "Corr 2013"]
[Source "ChessBase"]
[SourceDate "2012.11.12"]
[SourceVersion "1"]
[SourceVersionDate "2012.11.12"]
[SourceQuality "1"]

1. e4 c5 2. Nc3 Nc6 3. a3 g6 4. Bc4 Bg7 5. d3 e6 6. Nf3 Nge7 7. 0-0 d5 8. Bb3 0-0 9. h3 a6 10. Bg5 h6 11. Bh4 dxe4 12. dxe4 b5 13. Qe1 c4 14. Ba2 Bb7 15. Rd1 Qa5 16. Rd7 g5 17. Bg3 Bc8 18. Bc7 Bxc3 19. Qc1 Qa4 20. Rdd1 Ra7 21. Bb6 Rb7 22. b3 cxb3 23. cxb3 Qxe4 24. Bb1 Qf4 25. Be3 Qf6 26. Qc2 Qg7 27. Nd4 Nxd4 28. Bxd4 Bxd4 29. Rxd4 Nf5 30. Rdd1 e5 31. Qc6 Nd4 32. Qxa6 f6 33. b4 Ra7 34. Qb6 Rxa3 35. Be4 g4 36. h4 g3 37. f3 Qa7 38. Qxa7 Rxa7 39. Rfe1 Be6 40. f4 Bc4 41. fxe5 fxe5 42. Bd3 Ra2 43. Bxc4+ bxc4 44. Rxe5 Rff2 45. Re3 Rxg2+ 46. Kh1 Rh2+ 47. Kg1 Rag2+ 48. Kf1 Rf2+ 49. Kg1 Ne2+ 50. Rxe2 Rxe2 0-1

[Event "FICGS no engines 01 email"]
[Site "FICGS email"]
[Date "2011.11.04"]
[Round "1"]
[White "Rodriguez, Juanjo"]
[Black "Brumec, Fredi"]
[Result "0-1"]
[WhiteElo "1800"]
[BlackElo "1800"]
[PlyCount "66"]
[EventDate "2011.??.??"]
[EventType "swiss (corr)"]
[EventRounds "1"]
[SourceTitle "Corr 2013"]
[Source "ChessBase"]
[SourceDate "2012.11.12"]
[SourceVersion "1"]
[SourceVersionDate "2012.11.12"]
[SourceQuality "1"]

1. e4 d6 2. Nf3 e5 3. d4 exd4 4. Nxd4 h6 5. Nc3 c6 6. Be3 Nf6 7. Be2 Be7 8. Qd2 Nbd7 9. Nf5 Bf8 10. Nxd6+ Bxd6 11. 0-0-0 Be7 12. f4 0-0 13. e5 Nh7 14. Bg4 Qc7 15. Bf5 Rd8 16. Qe2 Nc5 17. Rxd8+ Qxd8 18. Rd1 Qc7 19. g4 Bxf5 20. gxf5 b6 21. Rg1 f6 22. e6 Bd6 23. Qg4 Re8 24. Qg6 Re7 25. Qxh6 Kh8 26. Qh4 Kg8 27. Qg4 b5 28. Bd4 Bxf4+ 29. Kb1 Na4 30. h4 Nxc3+ 31. Bxc3 Be5 32. Qf3 Bxc3 33. Qxc3 a5 0-1

[Event "LSS No Engine Cup 52 Preliminary 5"]
[Site "LSS email"]
[Date "2011.10.18"]
[Round "?"]
[White "Brumec, Fredi"]
[Black "Martins, Karin"]
[Result "1-0"]
[WhiteElo "1137"]
[BlackElo "1562"]
[PlyCount "39"]
[EventDate "2011.10.19"]
[EventType "tourn (corr)"]
[EventRounds "6"]
[EventCountry "GER"]
[SourceTitle "Corr 2015"]
[Source "ChessBase"]
[SourceDate "2015.07.17"]
[SourceVersion "1"]
[SourceVersionDate "2015.07.17"]
[SourceQuality "1"]

1. e4 e5 2. Nf3 Nc6 3. a3 Nf6 4. Nc3 d6 5. h3 Nxe4 6. Nxe4 f6 7. Bc4 a6 8. d3 b5 9. Bd5 Nd4 10. Nxd4 exd4 11. Bxa8 Be6 12. Bc6+ Kf7 13. Qh5+ g6 14. Qf3 Kg7 15. b4 d5 16. Nc5 Bxc5 17. bxc5 Qe7 18. 0-0 Qxc5 19. Bb7 c6 20. Qf4 1-0

[Event "LSS No Engine Cup 52 Preliminary 5"]
[Site "LSS email"]
[Date "2011.10.18"]
[Round "?"]
[White "Molano Lafuente, Ismael"]
[Black "Brumec, Fredi"]
[Result "1-0"]
[WhiteElo "1031"]
[BlackElo "1137"]
[PlyCount "77"]
[EventDate "2011.10.19"]
[EventType "tourn (corr)"]
[EventRounds "6"]
[EventCountry "GER"]
[SourceTitle "Corr 2015"]
[Source "ChessBase"]
[SourceDate "2015.07.17"]
[SourceVersion "1"]
[SourceVersionDate "2015.07.17"]
[SourceQuality "1"]

1. e4 d6 2. d4 c6 3. Nc3 h6 4. Be3 Nf6 5. Be2 Qc7 6. Nf3 Bg4 7. Qd2 Bxf3 8. Bxf3 e5 9. dxe5 dxe5 10. 0-0-0 Be7 11. g4 Nbd7 12. Qd3 Nc5 13. Qe2 Nh7 14. Bg2 0-0 15. h4 f6 16. Bxc5 Bxc5 17. Qc4+ Kh8 18. Qxc5 Qc8 19. Bh3 g5 20. hxg5 Nxg5 21. Qe7 Rf7 22. Qd6 Kg7 23. f3 Qe8 24. Ne2 Nxf3 25. Ng3 Ng5 26. Nf5+ Kg6 27. Nh4+ Kh7 28. Nf5 Nxe4 29. Qb4 Nf2 30. Qd2 Nxh1 31. Qxh6+ Kg8 32. Qg6+ Kh8 33. Rxh1 Rh7 34. Qxf6+ Kg8 35. Qg5+ Kh8 36. Bf1 Qf7 37. Rxh7+ Kxh7 38. Qh6+ Kg8 39. Bc4 1-0

[Event "LSS No Engine Cup 52 Preliminary 5"]
[Site "LSS email"]
[Date "2011.10.18"]
[Round "?"]
[White "Poblete, Litos"]
[Black "Brumec, Fredi"]
[Result "1-0"]
[WhiteElo "1678"]
[BlackElo "1137"]
[PlyCount "63"]
[EventDate "2011.10.19"]
[EventType "tourn (corr)"]
[EventRounds "6"]
[EventCountry "GER"]
[SourceTitle "Corr 2015"]
[Source "ChessBase"]
[SourceDate "2015.07.17"]
[SourceVersion "1"]
[SourceVersionDate "2015.07.17"]
[SourceQuality "1"]

1. e4 d6 2. d4 c6 3. Nf3 Bg4 4. Bc4 Nf6 5. Nc3 h6 6. h3 Bxf3 7. Qxf3 Nbd7 8. 0-0 e5 9. d5 c5 10. a4 Be7 11. Qg3 Nh5 12. Qg4 Ndf6 13. Bb5+ Kf8 14. Qf3 g5 15. Nd1 a6 16. Bd3 Qc7 17. c4 Nf4 18. Bc2 a5 19. Ne3 Ke8 20. Nf5 Kd7 21. Re1 Rag8 22. Qb3 Bd8 23. Qb5+ Kc8 24. Ra3 h5 25. Rb3 Ne8 26. Bd2 b6 27. Bxa5 bxa5 28. Qa6+ Kd7 29. Rb7 g4 30. Qc6+ Kc8 31. Rxc7+ Nxc7 32. Nxd6+ 1-0

[Event "ZL-2011-0-01003"]
[Site "LSS email"]
[Date "2011.10.17"]
[Round "?"]
[White "O'Brien, Glenn"]
[Black "Brumec, Fredi"]
[Result "1-0"]
[WhiteElo "1239"]
[BlackElo "1125"]
[PlyCount "77"]
[EventDate "2011.09.30"]
[EventType "match (corr)"]
[EventRounds "2"]
[EventCountry "GER"]
[SourceTitle "Telechess CBM 149"]
[Source "ChessBase"]
[SourceDate "2012.07.17"]
[SourceVersion "1"]
[SourceVersionDate "2012.07.17"]
[SourceQuality "1"]

1. e4 d6 2. d4 c6 3. Nc3 h6 4. Nf3 Bg4 5. h3 Bxf3 6. Qxf3 Nd7 7. Bc4 Ngf6 8. 0-0 e5 9. Rd1 Qc7 10. Be2 exd4 11. Rxd4 Ne5 12. Qf4 a6 13. Be3 Be7 14. Qg3 g5 15. Rad1 0-0-0 16. h4 gxh4 17. Qxh4 Kb8 18. Qh3 Rdg8 19. f3 h5 20. Rb4 Ka8 21. Na4 c5 22. Nb6+ Kb8 23. Rb3 Nc6 24. Nd5 Nxd5 25. Rxd5 Ka8 26. Rxh5 Rxh5 27. Qxh5 Bf6 28. Bc4 Ne5 29. Bd5 Rh8 30. Qf5 Qa5 31. Bxb7+ Ka7 32. Bxa6 Qe1+ 33. Bf1 Qh4 34. Bf4 Qh1+ 35. Kf2 Bh4+ 36. g3 Qh2+ 37. Bg2 Rg8 38. Bxe5 Bxg3+ 39. Kf1 1-0

[Event "LSS No Engine Cup 47 Preliminary 5"]
[Site "LSS email"]
[Date "2011.07.25"]
[Round "?"]
[White "Brumec, Fredi"]
[Black "Pech, Jaroslav Sr"]
[Result "1-0"]
[WhiteElo "1125"]
[BlackElo "1207"]
[PlyCount "37"]
[EventDate "2011.07.26"]
[EventType "tourn (corr)"]
[EventRounds "6"]
[EventCountry "GER"]
[SourceTitle "Telechess CBM 151"]
[Source "ChessBase"]
[SourceDate "2012.11.13"]
[SourceVersion "1"]
[SourceVersionDate "2012.11.13"]
[SourceQuality "1"]

1. e4 c5 2. Nc3 Nc6 3. a3 Nf6 4. Bc4 e6 5. d3 d5 6. exd5 exd5 7. Ba2 d4 8. Ne4 Nxe4 9. dxe4 Bd6 10. Qf3 0-0 11. Bf4 Be6 12. Ne2 Bxf4 13. Nxf4 Bxa2 14. Rxa2 Qa5+ 15. c3 Qb5 16. Nd5 Rae8 17. Nc7 Qb3 18. Ra1 Re7 19. Qf4 1-0